00983nas a2200229Ia 4500001001100000003000900011008004100020040001300061040001300074041001300087100004800100210001900148222001900167245012300186250001100309260004100320501008600361300001900447362003300466500021500499650003900714R452/E4693IT-RoPAU151124c99999999xx |||||||||||| ||und|| aIT-RoPAU cIT-RoPAU aITALIANO aValentini AlbertogCodice Aut. SPICS: 35262 aVITA PASTORALE aVita Pastorale aVITA PASTORALE, ANNO 85-N.05 (MAGGIO 1997)bNel Mistero di Cristo E Della Chiesa: Maria Secondo la Rivelazione Biblica a1a ed. aALBA (CN)bPERIODICI SAN PAOLOc1997 bPaulus - SPICS - Società San Paolo EM (non-commercial uses only)cCopyright2015 a5 p. [110-114] aANNO 085, N.05 (MAGGIO 1997) aBibbia Parla Poco di Maria. Sviluppo della Riflessione Neotestamentaria. Diacronia Delle Testimonianze. Ampie Prospettive e Mistero Pasquale. Contributo del Dossier su Maria, Madre di Gesù, Verso il Giubileo. aPASTORALEvPUBBLICAZIONE PERIODICA